NBA G League Teams - Statistics

General Stats
  • This quiz has been taken 653 times
  • The average score is 12 of 31
Answer Stats
Conference Team Name Affiliation Arena % Correct
East Maine Celtics Boston Celtics Portland Exposition Building
65%
East Capital CityGo-Go WashingtonWizards Entertainment and Sports Arena
50%
East Cleveland Charge Cleveland Cavaliers Public Audotorium
50%
East Greensboro Swarm Charlotte Hornets Novant Health Fieldhouse
50%
West South Bay Lakers Los Angeles Lakers UCLA Health Training Center
50%
East Westchester Knicks New York Knicks Westchester County Center
50%
East Grand Rapids Gold Denver Nuggets Van Andel Arena
47%
West Austin Spurs San Antonio Spurs H-E-B Center
44%
East Long Island Nets Brooklyn Nets Nassau Coliseum
44%
East Osceola Magic Orlando Magic Silver Spurs Arena
44%
West Rip City Remix Portland Trail Blazers Chiles Center
44%
East Windy City Bulls Chicago Bulls Now Arena
44%
East Wisconsin Herd Milwaukee Bucks Oshkosh Arena
44%
East Birmingham Squadron New Orleans Pelicans Legacy Arena
41%
East Indiana Mad Ants Indiana Pacers Gainbridge Fieldhouse
41%
East Raptors 905 Toronto Raptors Paramount Find Foods Centre
41%
West Sioux Falls Skyforce Miami Heat Sanford Pentagon
41%
West Memphis Hustle Memphis Grizzlies Landers Center
38%
West Oklahoma City Blue Oklahoma City Thunder Paycom Center
38%
West Iowa Wolves Minnesota Timberwolves Wells Fargo Arena
35%
West Santa Cruz Warriors Golden State Warriors Kaiser Permanente Arena
35%
West Stockton Kings Sacramento Kings Adventist Health Arena
35%
East Motor City Cruise Detroit Pistons Wayne State Fieldhouse
32%
West Rio Grande Valley Vipers Houston Rockets Bert Ogden Arena
32%
East College Park Skyhawks Atlanta Hawks Gateway Center Arena
29%
West San Diego Clippers Los Angeles Clippers Frontwave Arena
26%
West Valley Suns Phoenix Suns Mullett Arena
26%
West Mexico City Capitanes None Mexico City Arena
24%
West Salt Lake City Stars Utah Jazz Maverik Center
24%
West Texas Legends Dallas Mavericks Comerica Center
21%
East Deleware Blue Coats Philadelphia 76ers Chase Fieldhouse
6%
No matching quizzes found
Score Distribution
Percent of People with Each Score
Percentile by Number Answered
Your Score History
You have not taken this quiz